Návrh udržateľných opatrení na zdokonalenie hodnotenia a odmeňovania zamestnancov v podniku NIKOV spol. s r.o.

Enregistré dans:
Détails bibliographiques
Auteur principal: Jarušková, Lenka (Auteur)
Autres auteurs: Mrvová, Ľubica (Directeur de thèse)
Format: Manuscrit Livre
Langue:slovaque
Publié: 2019
Sujets:
Accès en ligne:http://is.stuba.sk/zp/portal_zp.pl?podrobnosti=134452
Tags: Ajouter un tag
Pas de tags, Soyez le premier à ajouter un tag!

MARC

LEADER 00000ntm a22000003a 4500
001 stuzp72859
003 SK-STU
005 20190629210936.3
007 ta
008 150427s2015----xo-----f-mn---000-0-slo-d
040 |a STU  |b slo 
041 0 |a slo 
100 1 |a Jarušková, Lenka  |u 064000  |4 aut  |U MTF Materiálovotechnologická fakulta  |T MTF Ústav priemyselného inžinierstva a manažmentu  |X 85568  |U M4000  |Y 84  |7 85568 
242 0 1 |a Proposal of sustainable measures for the imrovement of employees evaluation and remuneration in the company NIKOV spol. s.r.o.  |y eng 
245 1 0 |a Návrh udržateľných opatrení na zdokonalenie hodnotenia a odmeňovania zamestnancov v podniku NIKOV spol. s r.o. 
260 |c 2019 
650 4 |a hodnotenie  |2 slo 
650 4 |a odmeňovanie  |2 slo 
650 4 |a zamestnanci  |2 slo 
650 4 |a motivácia  |2 slo 
650 4 |a employees  |2 eng 
650 4 |a motivation  |2 eng 
650 4 |a remuneration  |2 eng 
650 4 |a evaluation  |2 eng 
700 1 |a Mrvová, Ľubica  |u 064000  |k Z1  |4 ths  |U MTF Materiálovotechnologická fakulta  |T MTF Ústav priemyselného inžinierstva a manažmentu  |X 1484  |U M4000  |Y 84  |7 A000001484 
856 4 |u http://is.stuba.sk/zp/portal_zp.pl?podrobnosti=134452 
996 |c M* BP-8543  |l MMSKP  |s P  |a 0  |w stuzp72859_0001